000 003100000a22001570004500
001 000693
003 MACL
040 _aMACL
090 _c693
_d693
100 _aRai, Away
245 _aScience Quiz
_cAway Rai
260 _aTarang Publications,
_c1998
350 _a50
650 _aScience
942 _k500
_cBook
999 _c693
_d693